000 00330nam a2200133 a 4500
005 20140414093847.0
008 100709s19uu xx 00 eng d
050 _aCDR 495
_bCHI 2010
245 _aChinese paradise.
260 _aChina :
_bBeijing Language and Culture.
650 _aLanguage
942 _cAVM
999 _c109678
_d109678